Nalaganje...
Biochemistry, Vol.3
| Glavni avtor: | |
|---|---|
| Format: | Printed Book |
| Izdano: |
Macmillan Co. of India Ltd., Delhi
1978
|
| Teme: |
| LEADER | 00552nam a2200193 4500 | ||
|---|---|---|---|
| 020 | |c 16 | ||
| 082 | |a 572 DAS-B.3 | ||
| 100 | |a Dasgupta, S K | ||
| 245 | |a Biochemistry, Vol.3 | ||
| 250 | |||
| 260 | |a Macmillan Co. of India Ltd., Delhi |c 1978 | ||
| 300 | |a 276 | ||
| 490 | |||
| 500 | |||
| 590 | |a PRP |b 2011-03-23 11:09:43 |c 16 | ||
| 650 | |a Biochemistry-- Histochemistry-- Cytochemistry | ||
| 942 | |c BK | ||
| 999 | |c 97696 |d 97696 | ||
| 952 | |0 0 |1 0 |4 0 |6 572_000000000000000_DASB_3 |7 0 |9 111164 |a AQU |b AQU |g 16.00 |l 0 |o 572 DAS-B.3 |p AQU04186 |r 2019-09-25 |w 2019-09-25 |y BK | ||